000 00243nam a2200109Ia 4500
008 230907s9999||||xx |||||||||||||| ||und||
082 _a620.5
_bRAT
245 0 _aNanotechnology /
260 _aPearson,
_c2006
300 _a185 p.
942 _cBK
999 _c598611
_d598611